[Event "Caplin British Online-ch Open 2020"]
[Site "Online"]
[Date "2020.12.22"]
[Round "2.4"]
[White "Fernandez, Daniel Howard"]
[Black "Blackburn, Jonathan L B"]
[Result "1-0"]
[WhiteElo "2466"]
[BlackElo "2235"]
[Annotator "TA"]
[PlyCount "95"]
[EventDate "2020.12.21"]
[EventType "swiss"]
[EventCountry "NET"]
[SourceTitle "playchess.com"]
[Source "ChessBase"]
[SourceQuality "1"]

{[%evp 9,95,40,39,41,39,45,49,42,96,65,52,55,66,65,104,89,110,100,94,102,97,100,114,108,105,110,115,111,121,125,111,70,70,72,115,70,68,25,29,29,77,84,75,73,64,18,64,52,60,80,78,56,142,125,136,35,35,34,34,41,48,51,44,52,46,0,52,48,55,54,84,66,71,71,66,20,63,25,25,25,82,78,837,822,29985,29986,29985,29986]} 1. e4 e6 2. g3 b6 3. Bg2 Bb7 4. Ne2 f5 5. d3 fxe4 6. O-O {C00: French: Unusual White 2nd moves.} Nf6 7. Nbc3 Bc5 8. Bg5 {[%cal Rc3e4] [#] White is slightly better.} h6 $146 ({Black should try} 8... Nc6 $14) ({Predecessor:} 8... Nc6 9. Bxf6 gxf6 10. Nxe4 Be7 11. Nf4 O-O 12. d4 f5 13. Nd2 Bd6 14. d5 Ne7 15. dxe6 Bxg2 16. Nxg2 dxe6 {1-0 (34) Lundin,J (2288)-Brkic,Z (2130) Belgrade 2018}) 9. Bxf6 (9. Nxe4 {with more complications.} Bxe4 10. Bxe4 Nc6 11. Bg6+ Kf8 12. Bh4) 9... Qxf6 10. Nxe4 Bxe4 11. Bxe4 d5 12. Bg2 O-O 13. d4 Bd6 14. c4 $1 c6 15. Rc1 a5 16. f4 Ra7 17. Kh1 Kh8 18. Ng1 dxc4 19. Rxc4 c5 20. dxc5 Bxc5 21. Nf3 Rd7 22. Qe2 Nc6 23. Nh4 Nd4 24. Qh5 Rfd8 25. Ng6+ Kg8 {[#] And now ...Qf5 would win.} 26. Ne5 $36 {[%mdl 2048] White is in control.} Rd6 27. a3 {b4 is the strong threat.} Nf5 28. b4 axb4 29. axb4 Bd4 30. Qe2 b5 (30... Qf8 $14) 31. Rc7 $16 Ne3 32. Ng4 ({White must play} 32. Rf7 $16 Qxf7 33. Nxf7 Kxf7 34. Rg1 (34. Qxb5 Nxf1 35. Bxf1 Rd5 $14)) 32... Nxg4 $14 33. Qxg4 Bc3 34. Rb7 Bxb4 35. Rxb5 Bc3 36. h4 Rd2 37. Rb6 R2d6 (37... Qf5 $11 38. Qxf5 exf5) 38. Rxd6 Rxd6 39. Rb1 Bb2 40. Qh5 {Strongly threatening Rxb2!} Rd8 41. Qe2 Bd4 42. Re1 Kf8 43. Qc4 ({Don't play} 43. Qxe6 $6 Bf2 $11) 43... Bf2 44. Rxe6 Rd1+ {[#]} (44... Qd4 $11 {keeps the balance.} 45. Qxd4 Rxd4) 45. Bf1 $1 $16 ({But not} 45. Kh2 $6 Bg1+ 46. Kh1 Be3+ 47. Kh2 Bg1+ 48. Kh1 Be3+ 49. Kh2 Bg1+ $11) 45... Rxf1+ $2 {[%mdl 8192]} 46. Kg2 $18 {Qc8+ would kill now.} Rc1 47. Rxf6+ gxf6 48. Qxc1 {Weighted Error Value: White=0.13/Black=0.38} 1-0

[Event "Caplin British Online-ch Open 2020"]
[Site "Online"]
[Date "2020.12.22"]
[Round "2.5"]
[White "Toczek, Grzegorz"]
[Black "Hebden, Mark L"]
[Result "1/2-1/2"]
[WhiteElo "2271"]
[BlackElo "2453"]
[Annotator "TA"]
[PlyCount "126"]
[EventDate "2020.12.21"]
[EventType "swiss"]
[EventCountry "NET"]
[SourceTitle "playchess.com"]
[Source "ChessBase"]
[SourceQuality "1"]

{[%evp 16,126,14,6,20,22,18,0,0,0,0,0,17,0,6,0,0,-11,19,14,33,25,58,61,101,100,119,127,142,148,120,146,122,80,77,24,21,31,38,38,39,29,31,-37,-37,-29,-26,-87,-67,-131,-126,-122,-17,-23,0,-30,0,0,0,0,0,0,0,0,0,0,0,0,0,0,0,0,0,0,0,0,0,0,0,0,0,0,0,0,0,0,0,0,0,0,0,0,0,0,0,0,0,0,0,0,0,0,4,4,4,4,4,0,4,0,4,0,4]} 1. e4 e5 2. Nf3 Nc6 3. Bb5 a6 4. Ba4 Nf6 5. O-O Be7 6. d3 b5 7. Bb3 d6 8. a3 O-O 9. Nc3 Na5 {C77: Ruy Lopez: 3...a6 4 Ba4 Nf6, unusual lines.} 10. Ba2 c5 11. Bg5 $1 {[%mdl 4] is currently scoring better than 11.b4.} Nc6 12. Bxf6 Bxf6 13. Nd5 Be6 14. c3 g6 {[#]} 15. Ne3 $146 ({Predecessor:} 15. b4 cxb4 16. axb4 Bg7 17. Ne3 Bd7 18. Bd5 a5 19. bxa5 Rxa5 20. Qb3 Ne7 21. Qb4 Rxa1 22. Rxa1 Nxd5 23. Nxd5 {1-0 (43) Perez Ponsa,F (2554)-Guerra Mendez,J (2534) Barcelona 2018}) 15... Bg7 16. Bd5 Rc8 17. a4 b4 18. a5 Bxd5 19. Nxd5 f5 20. Nd2 bxc3 21. bxc3 Ne7 22. Qb3 {[#] Hoping for Nxe7+.} Kh8 23. Nxe7 Qxe7 24. Qd5 c4 25. Nxc4 (25. dxc4 $16 Bh6 26. Rfb1) 25... Rc5 $11 26. Qxd6 Qxd6 27. Nxd6 Rxc3 28. Rfd1 Rc6 29. Nc4 (29. Nb7 $1 $14) 29... fxe4 $15 30. Nd2 exd3 31. Ra3 (31. Ne4 $11 {remains equal.}) 31... Rd8 $17 32. Ne4 (32. Kf1 $15) 32... Bf8 33. Rb3 Rc4 ({Black should play} 33... d2 $1 $17 {Strongly threatening ...Rc1!} 34. Kf1 Rd4) 34. f3 $1 $11 Rcd4 35. Rb6 Bb4 (35... Rxe4 $5 36. fxe4 Bc5+ {[%mdl 64] Double Attack} 37. Kf1 Bxb6 38. axb6 Rd6 $11) 36. Rxa6 {The position is equal.} Rf8 37. Rf6 Rxf6 38. Nxf6 Bxa5 {[%mdl 4096] Endgame KRB-KRN} 39. Kf1 Kg7 40. Ne4 Kf7 41. Nf2 Ke6 42. Rxd3 Rb4 43. Ne4 Rb1+ 44. Kf2 Be1+ 45. Ke2 Bb4 46. Kf2 h6 (46... Rb2+ {with more complications.} 47. Kg3 Be7 48. Rc3 h5 49. Rc6+ Kf7) 47. Kg3 Rb2 48. Kh3 Be7 49. Rc3 h5 50. Rc6+ Kf7 $1 51. Ra6 Rb5 (51... Rb3 {seems wilder.} 52. Ra5 Ke6 53. Ra6+ Kf7) 52. Ra7 {[#] aiming for Nd6+.} Ke6 53. Ra6+ Kf7 54. Kg3 Rb7 55. h4 Rb1 56. Ra7 Ke6 57. Ra6+ Kf7 58. Ng5+ (58. Nd6+ {is more complex.} Bxd6 59. Rxd6 Rb3 60. Ra6 e4 61. Ra7+) 58... Bxg5 59. hxg5 Rb5 60. Rf6+ Kg7 61. Ra6 Kf7 62. Rf6+ Kg7 63. Ra6 Kf7 {Weighted Error Value: White=0.08/Black=0.07} 1/2-1/2

[Event "Caplin British Online-ch Open 2020"]
[Site "Online"]
[Date "2020.12.22"]
[Round "2.6"]
[White "Wadsworth, Matthew J"]
[Black "Villiers, Thomas"]
[Result "1/2-1/2"]
[WhiteElo "2416"]
[BlackElo "2161"]
[Annotator "TA"]
[PlyCount "157"]
[EventDate "2020.12.21"]
[EventType "swiss"]
[EventCountry "NET"]
[SourceTitle "playchess.com"]
[Source "ChessBase"]
[SourceQuality "1"]

{[%evp 22,156,39,26,33,30,60,32,77,38,55,44,50,33,73,73,81,77,97,41,63,48,68,69,56,48,38,42,48,50,83,87,80,88,91,54,60,56,56,44,48,33,47,43,72,45,59,32,33,18,137,31,31,35,33,0,2,0,93,98,107,92,160,152,149,139,140,141,139,93,99,94,120,120,120,101,136,136,143,72,86,81,119,101,101,101,101,101,112,112,112,112,254,254,254,254,254,254,254,254,254,254,254,254,254,16,80,8,8,0,48,8,8,0,0,0,0,0,0,0,0,0,0,0,0,0,0,0,0,0,0,0,0,0,0,0,0]} 1. c4 c5 2. g3 g6 3. Bg2 Bg7 4. Nc3 Nc6 5. Nf3 Nf6 6. d4 cxd4 7. Nxd4 O-O 8. O-O Nxd4 9. Qxd4 d6 10. Qd3 Nd7 11. b3 Nc5 12. Qd2 Be6 {A39: Symmetrical English vs ...g6: 4 Bg2 Bg7 5 Nf3 Nf6 6 0-0 0-0 7 d4.} 13. Bb2 Qd7 14. Rfd1 {[#]} Rfc8 $146 {White is slightly better.} ({Predecessor:} 14... Rac8 15. Rac1 a6 16. h4 Rc7 17. Kh2 Rfc8 18. h5 b5 19. b4 Nb7 20. h6 Bf8 21. c5 dxc5 22. Qf4 Nd6 23. Ne4 {1-0 (23) Demidov,M (2511)-Dvalishvili,P (2414) Moscow 2018}) 15. Rac1 a5 16. Ba3 Rab8 17. Bxc5 Rxc5 18. Na4 Rh5 19. c5 Bg4 20. cxd6 (20. Nb6 $16 Qe6 21. cxd6 exd6 22. Qxd6 Qxd6 23. Rxd6) 20... Bh6 21. f4 Qxd6 $1 22. Qxd6 exd6 23. Bf3 Bxf3 24. exf3 Bf8 25. Nb6 Rc5 26. Nd7 Rxc1 27. Rxc1 $16 {[%mdl 4096] Endgame KRB-KRN} Ra8 28. Nf6+ Kg7 29. Nd5 Ra6 30. Rc7 Rc6 31. Rxb7 Rc5 32. Ne3 d5 33. Rd7 Rc1+ 34. Kf2 Bc5 {[#] Threatens to win with ...Rc2+.} 35. Ke2 a4 (35... Ra1 $11 {remains equal.}) 36. bxa4 (36. Rxd5 $16 axb3 37. axb3) 36... Ra1 $14 37. Ng4 Rxa2+ 38. Kd3 Ra3+ 39. Kc2 Bd4 (39... Rxa4 $11 {keeps the balance.} 40. Rxd5 Be7) 40. Rxd5 $16 Bb6 41. Rb5 Bd8 (41... Bg1 $142) 42. Ne5 Rxa4 43. Rb7 Ra2+ 44. Kd3 Rxh2 45. Rxf7+ Kg8 46. Rb7 Ba5 47. Ng4 Rd2+ 48. Ke4 Bc3 49. f5 Rb2 {[#]} 50. Rc7 ({White should play} 50. Nh6+ $1 Kh8 51. Ra7) 50... gxf5+ 51. Kxf5 Bg7 52. Ne5 Bxe5 53. Kxe5 {KR-KR} Rb3 54. Kf4 Rb5 55. Kg4 Ra5 56. f4 Rb5 (56... Ra3 $16 57. Kh4 Rf3) 57. Kh4 $18 Rb4 58. Kg5 Rb6 59. g4 Rg6+ 60. Kh5 Kh8 61. f5 Ra6 62. Kg5 Kg8 63. f6 $2 (63. Re7 $18) 63... Ra1 $11 64. Rb7 ({Better is} 64. Rg7+ $16 Kh8 65. Kf5) 64... Rf1 65. Rc7 {aiming for Re7.} Rf2 66. Rc8+ Kf7 {The position is equal.} 67. Rh8 (67. Rc3 {is interesting.} Rh2 68. Rc7+ Kf8 69. Re7 Rh1 70. Ra7) 67... Rh2 68. Kf5 {Strongly threatening g5.} Rf2+ 69. Kg5 Rh2 70. Rb8 h6+ 71. Kf5 Rf2+ 72. Ke5 {Rb7+ is the strong threat.} Rxf6 73. Rf8+ Kxf8 74. Kxf6 {Kg6 would kill now.} h5 75. gxh5 {KP-K} Kg8 76. h6 Kh8 77. Kg6 Kg8 78. h7+ Kh8 79. Kh6 {Black escapes into a draw.  Weighted Error Value: White=0.16/Black=0.20} 1/2-1/2

[Event "Caplin British Online-ch Open 2020"]
[Site "Online"]
[Date "2020.12.22"]
[Round "2.7"]
[White "Finn, Peter"]
[Black "Lalic, Bogdan"]
[Result "1/2-1/2"]
[WhiteElo "1959"]
[BlackElo "2402"]
[Annotator "TA"]
[PlyCount "46"]
[EventDate "2020.12.21"]
[EventType "swiss"]
[EventCountry "NET"]
[SourceTitle "playchess.com"]
[Source "ChessBase"]
[SourceQuality "1"]

{[%evp 16,46,43,43,46,23,69,-26,-21,-12,14,-12,-6,-13,-4,-84,-93,-105,-123,-145,-145,-161,-55,-31,-50,-41,74,77,115,133,125,120,260]} 1. e4 c5 2. Nf3 d6 3. d4 cxd4 4. Nxd4 Nf6 5. f3 Nc6 6. c4 Qb6 7. Nc2 g6 8. Nc3 Bg7 9. Rb1 Ng4 $1 {[%csl Gg4][%cal Rb6f2] 9...Ng4 is better than 9...0-0. B55: Sicilian: 2...d6 3 d4 cxd4 4 Nxd4 Nf6 5 f3.} 10. Qd2 Bh6 11. f4 ({White should try} 11. Qe2 $1 $14 Bxc1 12. Nd5) 11... e5 $11 {Black has an edge.} 12. Nd5 Qd8 13. Qc3 (13. Be2 {keeps more tension.} exf4 14. O-O Nf6 15. Qc3 Bg7 16. Bxf4 Nh5 17. Qd2) 13... O-O 14. Be2 $1 Bg7 {[#] Threatening ...exf4.} 15. Bxg4 $146 (15. Qd3 $11 {remains equal.}) ({Predecessor:} 15. Qg3 h5 16. O-O exf4 17. Bxf4 h4 18. Qe1 Re8 19. Qd1 Nge5 20. Qd2 f6 21. Bh6 {0-1 (44) Faulks,N (2106)-Harper,R (2262) Nassau 2010}) 15... Bxg4 $17 16. Qg3 f5 17. h3 Bh5 18. exf5 exf4 (18... Rxf5 $19 {And now ...exf4 would win.} 19. Qf2 Qa5+ 20. Bd2 Qa4) 19. Bxf4 $15 Qa5+ 20. Bd2 Qxa2 (20... Qc5 $15 {stays ahead.} 21. Nce3 Qd4) 21. O-O $16 {aiming for f6.} Rxf5 {[#]} 22. Bc3 $1 Raf8 {[#] Threatens to win with ...Rxf1+.} 23. Rfe1 {[%mdl 1024] Bxg7 is the strong threat. White has strong compensation.} Qb3 {[%mdl 32768] What a bad dream for Black.  Weighted Error Value: White=0.17/Black=0.26. An unexpected result.} (23... Be5 $16 24. Bxe5 Nxe5) 1/2-1/2

[Event "Caplin British Online-ch Open 2020"]
[Site "Online"]
[Date "2020.12.22"]
[Round "2.8"]
[White "O'gorman, Tom"]
[Black "Gurner, Jem"]
[Result "1/2-1/2"]
[WhiteElo "2368"]
[BlackElo "1800"]
[Annotator "TA"]
[PlyCount "86"]
[EventDate "2020.12.21"]
[EventType "swiss"]
[EventCountry "NET"]
[SourceTitle "playchess.com"]
[Source "ChessBase"]
[SourceQuality "1"]

{[%evp 11,86,60,57,54,53,45,49,43,48,30,64,50,56,43,37,31,70,-13,-4,-25,-22,-52,-52,-57,-55,-106,-105,-104,-106,-116,-96,-86,0,0,0,0,0,0,19,28,25,13,58,56,44,45,56,12,26,-6,64,0,0,0,0,0,3,0,0,-158,-65,-64,0,0,0,0,0,0,0,0,0,0,0,0,0,0,0]} 1. d4 g6 2. Nf3 Bg7 3. c4 d6 4. Nc3 Nc6 5. g3 e5 6. dxe5 Nxe5 7. Nxe5 {A41: 1 d4 d6: Tartakower System and Modern Defence.} Bxe5 8. Bg2 Ne7 9. Bg5 {White is slightly better.} c6 10. Qd2 {[#]} O-O $146 ({Predecessor:} 10... Be6 11. Ne4 f5 12. f4 fxe4 13. fxe5 dxe5 14. Qc3 Qd4 15. Qb4 Qd7 16. O-O Nf5 {½-½ (31) Varin,I (2116)-Bolschakov,A (2348) Russia 2000}) 11. Rd1 Be6 12. c5 {[%cal Rc5d6]} d5 13. e4 {[%cal Re4d5]} Re8 14. f4 (14. O-O $14) 14... Bg7 $11 15. O-O {[%cal Re4d5]} Bg4 16. Rb1 {[%cal Re4d5]} dxe4 17. Qxd8 Raxd8 18. h3 (18. Nxe4 $15 Bf5 19. Kh1) 18... Bf3 $17 19. Bxf3 exf3 20. Ne4 Bd4+ 21. Kh2 h6 ({Better is} 21... Rd7 $17 {Hoping for ...Nd5.} 22. Nd6 Rb8 23. Rxf3 Nd5) 22. Bf6 $11 Nd5 23. Bxd8 {Strongly threatening Nd6.} Rxe4 24. Rxf3 Re2+ 25. Kh1 Bxc5 26. Ba5 f5 27. Bc3 Kf7 28. Rd3 Ke6 29. a3 h5 30. h4 a6 (30... Nxc3 $11 31. bxc3 b5) 31. Be5 (31. b4 $14 Bb6 32. Rbd1) 31... Ne3 $1 32. Bd4 Bxd4 33. Rxd4 {[%mdl 4096] Endgame Black should prevent Rd8. KRR-KRN} Ng4 34. Rb4 b5 35. Rb3 $2 {[#]} ({White should try} 35. Rd4 $1 $11) 35... Nf2+ (35... c5 $1 $17 36. Kg1 Nf2) 36. Kg1 $15 Ne4 (36... c5 $1 $15) 37. Rd1 {The position is equal.} c5 {And now ...c4 would win.} 38. a4 b4 {White must now prevent ...a5.} ({But not} 38... bxa4 39. Rb6+ Ke7 40. Ra1 $18) (38... c4 $5 39. Rb4 $8 Nd6 $11) 39. a5 Rc2 40. Rd8 $1 Rc1+ 41. Kg2 Rc2+ 42. Kg1 Rc1+ 43. Kg2 Rc2+ {Weighted Error Value: White=0.20/Black=0.15} 1/2-1/2

[Event "Caplin British Online-ch Open 2020"]
[Site "Online"]
[Date "2020.12.22"]
[Round "2.9"]
[White "Shafi, Declan"]
[Black "Grieve, Harry"]
[Result "0-1"]
[WhiteElo "2166"]
[BlackElo "2351"]
[Annotator "TA"]
[PlyCount "76"]
[EventDate "2020.12.21"]
[EventType "swiss"]
[EventCountry "NET"]
[SourceTitle "playchess.com"]
[Source "ChessBase"]
[SourceQuality "1"]

{[%evp 10,76,58,29,35,37,37,37,70,0,0,0,13,34,99,-92,-45,-91,0,0,0,0,0,0,0,0,0,0,0,0,0,0,0,-30,24,27,31,38,30,26,63,-10,-3,0,-23,-82,-114,-215,-156,-204,-136,-253,-267,-652,-620,-898,-872,-839,-183,-29986,-1225,-1502,-1516,-1331,-1232,-29996,-29997,-29997,-29998]} 1. d4 f5 2. Bg5 g6 3. e3 Bg7 4. Nc3 d5 5. h4 c6 6. Bd3 Nh6 {A80: Dutch Defence: Unusual White second moves.} 7. Qf3 Nf7 8. Qg3 {[#]} Qb6 $146 {White is slightly better.} ({Predecessor:} 8... Nd7 9. Nf3 Nf6 10. h5 Nxh5 11. Rxh5 gxh5 12. Bxe7 Kxe7 13. Qxg7 Qg8 14. Qxg8 Rxg8 {1-0 (51) Neukirchner,P (2259)-Langrock,H (2352) Plochingen 2020}) 9. Nf3 ({White should try} 9. O-O-O $14) 9... Qxb2 $11 10. Kd2 {Strongly threatening Bf4.} Nd7 11. Bf4 Rg8 (11... Qa3 $14) 12. Bc7 $2 (12. Rhb1 $16 {stays on course.} Qa3 13. Rb3) 12... Qa3 13. Rab1 {[#] Black must now prevent Rb3.} e6 (13... Nc5 $1 $17) 14. Ng5 $1 Nf6 15. Nxf7 Kxf7 16. Bd6 Qa5 17. Bc7 Qa3 18. Bd6 Qa5 19. Bc7 $36 {[%mdl 2048] White is more active.} b6 20. Bd6 $1 {[%cal Rd6b4] And now Bb4 would win.} Bf8 $1 21. Rb3 Bxd6 (21... Ne8 $142 22. Bxf8 Kxf8) 22. Qxd6 b5 23. Qxc6 Bd7 24. Qd6 Rgc8 25. f3 (25. Ra3 $14 Qd8 26. Ra6 (26. Nxb5 Rc6 $14) (26. Bxb5 $2 Rxc3 27. Bd3 Rc6 $19)) 25... Rc6 26. Qb4 Qc7 {aiming for ...a5.} 27. Nxb5 (27. Ne2 $11) 27... Qg3 $17 28. Rhb1 (28. Kc1 $17 {was worth a try.}) 28... a6 29. Nc3 Rac8 30. R1b2 (30. Qa3 $17) 30... Qxg2+ $19 31. Be2 $2 (31. Ne2) 31... f4 32. exf4 Rc4 33. Qb6 Qf2 $2 (33... R8c6 34. Qa7 Qf2) 34. Kd3 $2 (34. Nd1 $19 Qh2 35. Re3) 34... e5 (34... Nh5 $142 35. Kd2 Nxf4 36. a4 {[#]} Rxc3 $1 {[%mdl 512]} 37. Kc1 Nxe2+ 38. Kb1 Rxb3 39. Qxb3 Qf1+ 40. Ka2 Nc1+ {[%mdl 64] Double Attack} 41. Ka3 Nxb3 42. h5 Qa1+ 43. Ra2 Qc3 44. hxg6+ hxg6 45. Rb2 Nc1+ 46. Rb3 Qa1+ 47. Kb4 Qxa4#) 35. fxe5 Bf5+ 36. Kd2 Rxd4+ 37. Kc1 Qe3+ {[%mdl 64] Double Attack} 38. Kb1 Qg1+ {Weighted Error Value: White=0.79/Black=0.48} 0-1

[Event "Caplin British Online-ch Open 2020"]
[Site "Online"]
[Date "2020.12.22"]
[Round "2.10"]
[White "Goss, Alex"]
[Black "Ismail, Mohammed Aayan"]
[Result "1/2-1/2"]
[WhiteElo "1833"]
[BlackElo "1719"]
[Annotator "NA RC"]
[PlyCount "84"]
[EventDate "2020.12.21"]
[EventType "swiss"]
[EventCountry "NET"]
[SourceTitle "playchess.com"]
[Source "ChessBase"]
[SourceQuality "1"]

1. e4 c6 2. d4 d5 3. Nc3 dxe4 4. Nxe4 Nf6 5. Ng3 Bg4 6. Be2 Bxe2 7. N1xe2 e6 8. c4 Bb4+ 9. Bd2 Bxd2+ 10. Qxd2 Nbd7 11. O-O O-O 12. Rad1 Qc7 13. Rfe1 Rad8 14. Qf4 Qa5 15. a3 Nb6 16. Qc1 c5 17. b3 cxd4 18. Nxd4 Qc5 19. Nc2 Qc7 20. h3 h6 21. Qe3 Rd7 22. Ne4 Nxe4 23. Qxe4 Rfd8 24. Qf3 Rxd1 25. Rxd1 Rxd1+ 26. Qxd1 Qd7 27. Qd4 Qxd4 28. Nxd4 Kf8 29. Nb5 Nc8 30. Kf1 Ke7 31. Ke2 a6 32. Nd4 Kd6 33. Kd3 Ne7 34. f4 Ng6 35. g3 f5 36. b4 h5 37. h4 Ne7 38. c5+ Kd5 39. a4 Nc8 40. Nc2 Ne7 41. Ne3+ Kc6 42. Kd4 Nd5 1/2-1/2

[Event "Caplin British Online-ch Open 2020"]
[Site "Online"]
[Date "2020.12.22"]
[Round "2.11"]
[White "Balaji, Aaravamudhan"]
[Black "Finn, Chris"]
[Result "1-0"]
[WhiteElo "2206"]
[BlackElo "1886"]
[Annotator "TA"]
[PlyCount "73"]
[EventDate "2020.12.21"]
[EventType "swiss"]
[EventCountry "NET"]
[SourceTitle "playchess.com"]
[Source "ChessBase"]
[SourceQuality "1"]

{[%evp 13,72,15,15,14,21,19,33,30,31,32,39,43,43,59,62,12,43,11,0,-44,-38,-42,0,0,0,0,0,0,0,0,0,0,102,114,106,109,383,386,406,418,477,422,514,392,378,370,800,795,781,771,1031,621,714,684,591,635,1184,1130,29997,29998,29999]} 1. d4 d5 2. c4 e6 3. Nc3 Nf6 4. cxd5 exd5 5. Bg5 c6 6. e3 Bd6 7. Bd3 O-O 8. Nf3 {D35: Queen's Gambit Declined: Exchange Variation.} h6 9. Bh4 Be6 10. Ne5 {White is slightly better.} c5 11. O-O cxd4 12. exd4 Nc6 13. Nxc6 bxc6 {[#]} 14. Rc1 $146 ({Predecessor:} 14. Bc2 Be7 15. Re1 Qd7 16. Na4 Rfe8 17. Rc1 Rac8 18. Bxf6 Bxf6 19. Qd3 g6 20. Nc5 {½-½ (64) Ivekovic,A (2087)-Bedic,Z (2171) Grubisno Polje 2014}) 14... c5 15. Nb5 c4 16. Bb1 Bf4 {Threatens to win with ...Rb8.} 17. Qc2 $1 g5 18. Bg3 Bxc1 19. Rxc1 Qb6 20. Nc7 {[#] Strongly threatening Be5.} Rac8 ({Not} 20... Qxd4 $2 21. Nxe6 Qe4 22. Nxf8 $18) 21. Be5 {[%cal Re5f6]} Ne4 22. Nxe6 Qxe6 (22... fxe6 $11 {remains equal.} 23. Qe2 Rxf2) 23. f3 $16 f5 24. fxe4 dxe4 {[%mdl 8192] Loses the game.} (24... fxe4 $16 25. h3 Rf7) 25. a3 $18 Qb6 26. Ba2 Rfe8 {aiming for ...Rxe5.} 27. Kh1 Qa5 28. Qe2 Kh7 29. h3 c3 $2 (29... Rxe5 30. dxe5 Qxe5 31. Bxc4 Kh8) 30. Rxc3 Rxc3 31. bxc3 {Intending Qc4 and mate.} Qxc3 32. Qb5 {White wants to mate with Qd7+.} Qc8 33. Qd5 {[%cal Rd5f7]} Re7 34. Qd6 Qf8 35. Be6 {White threatens Bxf5+! and mate.} Kg6 {[#]} 36. Bxf5+ $1 {[%mdl 576] Remove Defender} Kxf5 (36... Kh5 37. Qg6+) 37. g4# {Weighted Error Value: White=0.27/Black=0.64} 1-0

[Event "Caplin British Online-ch Open 2020"]
[Site "Online"]
[Date "2020.12.22"]
[Round "2.12"]
[White "Stubbs, Oliver"]
[Black "Cox, Tristan A"]
[Result "0-1"]
[WhiteElo "1905"]
[BlackElo "2141"]
[Annotator "TA"]
[PlyCount "80"]
[EventDate "2020.12.21"]
[EventType "swiss"]
[EventCountry "NET"]
[SourceTitle "playchess.com"]
[Source "ChessBase"]
[SourceQuality "1"]

{[%evp 9,80,0,19,10,0,-27,-26,-23,-28,-43,-45,-45,-47,-36,4,-32,-14,-50,-47,-105,-110,-111,-89,-70,-84,-71,-79,-128,-99,-208,-197,-199,-204,-200,-194,-197,-204,-352,-189,-283,-166,-286,-184,-339,-210,-377,-306,-293,-221,-606,-584,-765,-794,-1142,-1143,-1143,-1139,-1127,-1084,-1604,-1484,-1814,-1962,-29981,-5938,-29988,-29989,-29992,-29993,-29996,-29993,-29993,-29994]} 1. d4 d5 2. Bf4 Nf6 3. e3 c5 4. Nf3 Nc6 5. Nbd2 Nh5 6. Be5 {D02: 1 d4 d5 2 Nf3 sidelines, including 2...Nf6 3 g3 and 2...Nf6 3 Bf4.} f6 7. Bg3 cxd4 8. exd4 {Black has an edge.} g6 9. c3 {[#]} Bh6 $146 ({Predecessor:} 9... Bg7 10. Bb5 O-O 11. O-O Nxg3 12. hxg3 a6 13. Bxc6 bxc6 14. Re1 Qd6 15. Qe2 Re8 {0-1 (46) Bulockin,M (2297)-Vrolijk,L (2481) Pardubice 2020}) 10. Bb5 O-O 11. O-O Be6 12. Bxc6 bxc6 13. Nb3 Bg4 14. Nc5 (14. Re1 $15) 14... e5 $17 15. h3 Bc8 16. Bh2 (16. dxe5 $2 Nxg3 17. Re1 Nf5 $19) 16... e4 {[%cal Re4f3]} 17. Ne1 f5 18. Qb3 Rf7 19. c4 (19. Qa4 $17) 19... f4 $19 20. cxd5 cxd5 21. f3 Bg7 22. Nc2 e3 23. Rfe1 {[#]} (23. Rae1 $142) 23... a5 (23... Bxh3 $142 $1 {[%mdl 512]} 24. Nb4 (24. gxh3 $2 Qg5+ 25. Kh1 Ng3+ 26. Bxg3 Qxg3 $19 {[%mdl 64] Double Attack}) (24. Re2 Bf5) 24... Bxd4 25. Qxd5 Bxc5 26. Qxc5 Qd2 $1) 24. Rad1 {[#]} (24. Re2 {was necessary.}) 24... Bf5 (24... Bxh3 $142 $1 {[%mdl 512] White must now prevent ...Qh4.} 25. gxh3 (25. Nxe3 fxe3) 25... Qg5+ 26. Kf1 (26. Kh1 $2 Ng3+ 27. Bxg3 Qxg3 $19 {[%mdl 64] Double Attack}) 26... Qh4 27. Nxe3 fxe3 28. Rxe3 Bxd4 29. Rxd4 Qxd4) 25. Qc3 (25. Re2 $142) 25... Rc8 26. a3 $2 (26. Nxe3 {was worth a try.} fxe3 27. Qxe3) 26... a4 {And now ...Rxc5! would win.} 27. Nb4 $2 (27. Nxe3 fxe3 28. Qxe3) 27... Rfc7 {...Rxc5! is the strong threat.} 28. Nbd3 g5 29. Rc1 $2 (29. Kh1) 29... Qf6 30. Ne5 {[#]} Rxc5 $1 {[%mdl 512]} 31. Nd7 (31. dxc5 Qxe5) 31... Bxd7 32. dxc5 Qxc3 33. bxc3 Rxc5 34. Red1 Bxc3 35. Rc2 d4 {[%cal Bd5d4,Bd4d3,Bd3d2][%mdl 32]} 36. Rdc1 {[#]} Bf5 (36... d3 $142 $1 37. g4 {[#]} (37. Re2 dxe2) 37... e2 $1 38. Rxe2 dxe2 39. Kf2 Bd4+ {[%mdl 64] Discovered Attack} 40. Kxe2 Rxc1 41. Kd3 Be3 42. Bg1 Bxg1 43. gxh5 Bf5+ 44. Ke2 Rc2+ 45. Kd1 Bd3 46. h4 Be3 47. hxg5 Rc1#) 37. Ra2 d3 {Black mates.} 38. Kf1 d2 39. Rd1 Bd3+ 40. Kg1 e2 {Weighted Error Value: White=1.16/Black=0.42} 0-1